Savigny-Studien
Salvato in:
| Autore principale: | |
|---|---|
| Natura: | Libro |
| Lingua: | tedesco |
| Pubblicazione: |
Frankfurt am Main
Vittorio Klostermann
2011
|
| Serie: | Studien zur europaischen Rechtsgeschichte, 255
|
| Soggetti: | |
| Tags: |
Aggiungi Tag
Nessun Tag, puoi essere il primo ad aggiungerne!!
|
MARC
| LEADER | 00000cam a2200000 a 4500 | ||
|---|---|---|---|
| 001 | UCF6402 | ||
| 003 | CL-VaPUC | ||
| 008 | 130425e20110000GW |||||||||||||||||ger|d | ||
| 020 | |a 9780465041108 | ||
| 082 | 0 | 4 | |a 340.1 |b RUC |2 21 |
| 100 | 0 | |a Ruckert, Joachim |e author |9 568394 | |
| 245 | 1 | 0 | |a Savigny-Studien |
| 300 | |a 664 p | ||
| 942 | |c BK | ||
| 945 | |d 20130425 00:00:00 |a dcastane | ||
| 260 | |a Frankfurt am Main |b Vittorio Klostermann |c 2011 | ||
| 650 | 0 | |a Historia del derecho |9 255109 | |
| 650 | 7 | |a HISTORIA DEL DERECHO ALEMAN |2 CL-VaPUC |9 400954 | |
| 583 | |a last modification |c 20130425 11:23:00 |k Rodrigo Vera | ||
| 490 | 0 | |a Studien zur europaischen Rechtsgeschichte, 255 | |
| 999 | |c 351618 |d 351616 | ||
| 952 | |0 0 |1 0 |4 0 |6 340_100000000000000_RUC_2011 |7 0 |8 DER_HIS |9 455811 |a BIBDER |b BIBDER |d 2019-11-22 |i 4966244 |o 340.1 RUC 2011 |p 4966244 |r 2023-01-25 |w 2019-11-22 |x Ubicación 4to Piso |y BK |z Estos recursos deben solicitarse con anticipación |k DER | ||